000 00468nam a22001817a 4500
005 20251108175545.0
008 250721s2016 xx 000 0 eng d
082 1 4 _aJ/F/PAT
100 1 _apatience, john
245 1 0 _asnow white & the seven dwarves /
264 1 _achina :
_bjillin publishing,
_c2016.
300 _a15ص.
650 1 7 _aficition
650 1 7 _achildren
653 _aناشئون صغار (10-14 ) سنة
942 _2ddc
_cBK
999 _c136922
_d136922